000
00301nam a22001337a 4500
008
171017b xxu||||| |||| 00| 0 eng d
020
_a
9780073529882
041
_a
eng
080
_2
9TH
_a
338
100
_a
52
101
_a
MIK
245
_a
NEW PRODUCTS MANAGEMENT
_c
BENEDETTO,A.D
942
_2
udc
_c
BK
999
_c
34506
_d
34506